<?xml version="1.0" encoding="UTF-8"?>
<record
    xmlns:xsi="http://www.w3.org/2001/XMLSchema-instance"
    xsi:schemaLocation="http://www.loc.gov/MARC21/slim http://www.loc.gov/standards/marcxml/schema/MARC21slim.xsd"
    xmlns="http://www.loc.gov/MARC21/slim">

  <leader>00848cam a22002411a 4500</leader>
  <controlfield tag="001">sa 67006064 </controlfield>
  <controlfield tag="003">DLC</controlfield>
  <controlfield tag="005">20260227112403.0</controlfield>
  <controlfield tag="008">890621q19661970ii            000 0 urdo </controlfield>
  <datafield tag="010" ind1=" " ind2=" ">
    <subfield code="a">sa 67006064 </subfield>
  </datafield>
  <datafield tag="035" ind1=" " ind2=" ">
    <subfield code="a">(OCoLC)19906687</subfield>
  </datafield>
  <datafield tag="040" ind1=" " ind2=" ">
    <subfield code="a">DLC</subfield>
    <subfield code="c">WaU</subfield>
    <subfield code="d">WU</subfield>
    <subfield code="d">DLC</subfield>
  </datafield>
  <datafield tag="041" ind1="0" ind2=" ">
    <subfield code="a">urdara</subfield>
  </datafield>
  <datafield tag="042" ind1=" " ind2=" ">
    <subfield code="a">premarc</subfield>
  </datafield>
  <datafield tag="050" ind1="0" ind2="0">
    <subfield code="a">PJ6273</subfield>
    <subfield code="b">.A2</subfield>
  </datafield>
  <datafield tag="100" ind1="0" ind2=" ">
    <subfield code="a">Abdurra&#x1E25;m&#x101;n Amritsar&#x12B;.</subfield>
  </datafield>
  <datafield tag="245" ind1="1" ind2="0">
    <subfield code="a">Kit&#x101;b al-&#x1E63;arf :</subfield>
    <subfield code="b">ya&#x2BB;ne &#x2BB;Arab&#x12B; zab&#x101;n ke &#x2BB;ilm &#x1E63;araf par ek na&#x2BC;&#x12B; t&#x324;arz k&#x101; ris&#x101;lah ma&#x2BB;e kas&#x332;&#x12B;r al-ta&#x2BB;d&#x101;d ams&#x332;alah mashqiyyah o imteh&#x101;n&#x12B; sav&#x101;l&#x101;t /</subfield>
    <subfield code="c">&#x1E24;&#x101;fi&#x1E93; &#x2BB;Abdurra&#x1E25;m&#x101;n &#x1E62;&#x101;&#x1E25;ib Amratasar&#x12B;.</subfield>
  </datafield>
  <datafield tag="260" ind1=" " ind2=" ">
    <subfield code="a">Dehl&#x12B; :</subfield>
    <subfield code="b">Far&#x12B;d,</subfield>
    <subfield code="c">[1966?]</subfield>
  </datafield>
  <datafield tag="300" ind1=" " ind2=" ">
    <subfield code="a">129 p. ;</subfield>
    <subfield code="c">23 cm.</subfield>
  </datafield>
  <datafield tag="500" ind1=" " ind2=" ">
    <subfield code="a">Arabic and Urdu.</subfield>
  </datafield>
  <datafield tag="650" ind1=" " ind2="0">
    <subfield code="a">Arabic language</subfield>
    <subfield code="x">Textbooks for foreign speakers</subfield>
    <subfield code="x">Urdu.</subfield>
  </datafield>
  <datafield tag="650" ind1=" " ind2="0">
    <subfield code="a">Arabic language</subfield>
    <subfield code="x">Syntax.</subfield>
  </datafield>
  <datafield tag="999" ind1=" " ind2=" ">
    <subfield code="c">75654</subfield>
    <subfield code="d">75654</subfield>
  </datafield>
</record>
